Подробности
| 000 -МАРКЕР |
| контрольное поле |
01522nam0a22003611 4500 |
| 001 - ИДЕНТИФИКАТОР ЗАПИСИ |
| контрольное поле |
RU\NLR\A1SV\52902 |
| 005 - ИДЕНТИФИКАТОР ВЕРСИИ |
| контрольное поле |
20260406152540.0 |
| 035 ## - ДРУГИЕ СИСТЕМНЫЕ НОМЕРА |
| Идентификатор записи |
(NLR Aleph) 009734867 |
| 100 ## - ДАННЫЕ ОБЩЕЙ ОБРАБОТКИ |
| Данные общей обработки |
20050518d1926 u y0rusy50 ca |
| 101 1# - ЯЗЫК РЕСУРСА |
| Язык текста, звукозаписи и т.д. |
русский |
| Язык оригинала |
английский |
| 102 ## - СТРАНА ПУБЛИКАЦИИ ИЛИ ПРОИЗВОДСТВА |
| Страна публикации |
Российская Федерация |
| 200 1# - ЗАГЛАВИЕ И СВЕДЕНИЯ ОБ ОТВЕТСТВЕННОСТИ |
| Основное заглавие |
Слоненок |
| Сведения, относящиеся к заглавию |
[Сказка] |
| Первые сведения об ответственности |
Киплинг |
| Последующие сведения об ответственности |
Пер. Корнея Чуковского |
| -- |
Стихи в пер. С.Маршака |
| -- |
Рис. В.Лебедева |
| 210 ## - ПУБЛИКАЦИЯ, РАСПРОСТРАНЕНИЕ И ДР. |
| Место издания, распространения и т.д. |
Л. |
| Имя издателя, распространителя и т. д. |
Гос. изд-во |
| Дата издания, распространения и т.д. |
1926 |
| 215 ## - ФИЗИЧЕСКАЯ ХАРАКТЕРИСТИКА |
| Специфическое обозначение материала и объем |
[16] с. |
| Другие сведения о физической характеристике |
ил. |
| Размеры |
28 см |
| 451 #0 - ДРУГОЕ ИЗДАНИЕ [КАТАЛОГИЗИРУЕМОГО ДОКУМЕНТА] НА АНАЛОГИЧНОМ НОСИТЕЛЕ |
| Встроенное поле |
001RU\NLR\A1SV\52901 |
| Системный номер (АБИС) связанной записи |
9922573 |
| Автор |
Киплинг, Д.Р. (1865-1936) |
| Место публикации |
Пб. |
| Дата публикации |
1922 |
| Первые сведения об ответственности |
Р.Киплинг |
| Имя издателя, распространителя и т.д. |
Эпоха |
| Сведения, относящиеся к заглавию |
[Сказка] |
| Физическая характеристика |
16 с. |
| Заглавие |
Слоненок |
| 620 ## - МЕСТО И ДАТА ПУБЛИКАЦИИ, ИСПОЛНЕНИЯ И Т. Д. |
| Город |
Санкт-Петербург |
| 700 #1 - ИМЯ ЛИЦА - ПЕРВИЧНАЯ ОТВЕТСТВЕННОСТЬ |
| Графика поля |
Кириллица |
| Материалы, к которым относится поле |
rus |
| Начальный элемент ввода |
Киплинг |
| Часть имени, кроме начального элемента ввода |
Р. |
| Даты |
1865-1936 |
| Расширение инициалов личного имени |
Редьярд |
| Системный номер авторитетной/нормативной записи |
115925 |
| Идентификатор авторитетной/нормативной записи |
RU\NLR\auth\775969 |
| 702 #1 - ИМЯ ЛИЦА - ВТОРИЧНАЯ ОТВЕТСТВЕННОСТЬ |
| Начальный элемент ввода |
Маршак |
| Часть имени, кроме начального элемента ввода |
С.Я. |
| Даты |
1887-1964 |
| Расширение инициалов личного имени |
Самуил Яковлевич |
| Код отношения |
Переводчик |
| 702 #1 - ИМЯ ЛИЦА - ВТОРИЧНАЯ ОТВЕТСТВЕННОСТЬ |
| Код отношения |
Переводчик |
| Графика поля |
Кириллица |
| Материалы, к которым относится поле |
rus |
| Начальный элемент ввода |
Чуковский |
| Часть имени, кроме начального элемента ввода |
К. И. |
| Даты |
1882-1969 |
| Расширение инициалов личного имени |
Корней Иванович |
| Системный номер авторитетной/нормативной записи |
111544 |
| Идентификатор авторитетной/нормативной записи |
RU\NLR\AUTH\771522 |
| 702 #1 - ИМЯ ЛИЦА - ВТОРИЧНАЯ ОТВЕТСТВЕННОСТЬ |
| Код отношения |
Карикатурист, Художник |
| Графика поля |
Кириллица |
| Материалы, к которым относится поле |
rus |
| Начальный элемент ввода |
Лебедев |
| Часть имени, кроме начального элемента ввода |
В. В. |
| Дополнения к именам, кроме дат |
живописец, график |
| Даты |
1891-1967 |
| Расширение инициалов личного имени |
Владимир Васильевич |
| Системный номер авторитетной/нормативной записи |
22966 |
| Идентификатор авторитетной/нормативной записи |
RU\NLR\AUTH\7740013 |
| 801 #0 - ИСТОЧНИК ЗАПИСИ |
| Страна |
Российская Федерация |
| Организация |
NLR |
| Дата составления |
20050518 |
| 852 ## - МЕСТОНАХОЖДЕНИЕ И ШИФР ХРАНЕНИЯ |
| Идентификатор организации |
NLR |
| Шифр хранения (Call Number) |
20.107.1.43 |
| 852 ## - МЕСТОНАХОЖДЕНИЕ И ШИФР ХРАНЕНИЯ |
| Идентификатор организации |
NLR |
| Шифр хранения (Call Number) |
20.107.1.43а |
| 899 ## - ДАННЫЕ О МЕСТОНАХОЖДЕНИИ (устаревшее) |
| Местонахождение |
БАН |
| 899 ## - ДАННЫЕ О МЕСТОНАХОЖДЕНИИ (устаревшее) |
| Местонахождение |
РГБ |
| 899 ## - ДАННЫЕ О МЕСТОНАХОЖДЕНИИ (устаревшее) |
| Местонахождение |
НБ Эрм. |
| 899 ## - ДАННЫЕ О МЕСТОНАХОЖДЕНИИ (устаревшее) |
| Местонахождение |
AmCol |
| 899 ## - ДАННЫЕ О МЕСТОНАХОЖДЕНИИ (устаревшее) |
| Местонахождение |
РГДБ |
| 942 ## - ДОПОЛНИТЕЛЬНЫЕ ЭЛЕМЕНТЫ ЗАПИСИ (АБИС) |
| Тип экземпляра АБИС |
Книга |
| 980 ## - КОЛЛЕКЦИЯ |
| Название коллекции |
Национальная библиография |
| 980 ## - КОЛЛЕКЦИЯ |
| Название коллекции |
Международный сводный каталог русской книги (1918-1926) |